Electrotherapy explained : (رقم التسجيلة. 38427)

تفاصيل مارك
000 -الفاتح
حقل البيانات ثابتة الطول 01250cam a22003014a 4500
001 - رقم الضبط
رقم الضبط 11797500
003 - محدد رقم الضبط
رقم الضبط OSt
005 - وقت وتاريخ اخر تعامل مع التسجيلة
رقم الضبط 20151013173154.0
008 - عناصر البيانات ثابتة الطول - معلومات عامة
حقل البيانات ثابتة الطول 990927s2006 enka b 001 0 eng
010 ## - رقم ضبط مكتبة الكونجرس
رقم ضبط مكتبة الكونجرس 99049791
020 ## - الرقم الدولى المعيارى للكتب
الرقم الدولى المعيارى للكتاب 9780750688437
040 ## - مصدر الفهرسة
وكالة الفهرسة الأصلية DLC
وكالة النسخ DLC
وكالة التعديل DLC
042 ## - رمز التحقق
رمز التحقق pcc
050 00 - رقم طلب مكتبة الكونجرس
رقم التصنيف RM871
رقم المادة .L69 2000
082 00 - رقم تصنيف ديوى العشرى
رقم التصنيف 615.845
رقم الطبعة 21
رقم المادة LJE
100 1# - المدخل الرئيسى - إسم شخصى
الإسم الشخصى Low, John
الشكل الأكمل للاسم (John L.)
9 (RLIN) 52245
245 10 - بيان العنوان
العنوان Electrotherapy explained :
بقية العنوان principles and practice /
بيان المسئوليه,etc John Low, Ann Reed ; foreword by Mary Dyson.
250 ## - بيان الطبعة
بيان الطبعة 4th ed.
260 ## - PUBLICATION, DISTRIBUTION, ETC. (IMPRINT)
مكان الناشر او الموزع Oxford ;
-- Boston, MA :
اسم الناشر او الموزع Butterworth-Heinemann,
تاريخ النشر أو التوزيع 2006.
300 ## - الوصف المادى
التعداد xii, 431 p. :
تفاصيل ماديه اخرى للوعاء ill. ;
أبعاد الوعاء 25 cm. +
المادة المصاحبة 1 computer laser optical disc (4 3/4 in.)
504 ## - تبصرة ببليوجرافية
تبصرة ببليوجرافية,الخ Includes bibliographical references and index.
538 ## - تبصرة تفاصيل النظام
تبصرة التفاصيل الفنية لملف الحاسب System requirements for the accompanying computer disc: Windows 95 or Windows 98, IBM-compatible PC, minimum 16MB, and CD-ROM drive.
650 #0 - المدخل الاضافى بالموضوع-مصطلح موضوعى
مصطلح موضوعي أو اسم جغرافي كعنصر مدخل Electrotherapeutics.
9 (RLIN) 38246
700 1# - المدخل الاضافى - اسم شخصى
الإسم الشخصى Reed, Ann,
العنوان والكلمات الأخرى المصاحبة للاسم SRP.
9 (RLIN) 52246
906 ## - عنصر بيانات محلى F, LDF (RLIN)
a 7
b cbc
c orignew
d 1
e ocip
f 19
g y-gencatlg
942 ## - عناصر المدخل الإضافي( كوها)
مصدر التصنيف او مخطط الترفيف Dewey Decimal Classification
Koha [default] item type كتاب
المقتنيات
حالة الفقد نموذج السعر الفعال حالة تلف ليس للاعارة رقم الطلب تاريخ الاكتساب الموقع الحالي الباركود الفرع الرئيسي Date last seen نوع المادة فى نظام كوها مصدر التصنيف او خطة الترفيف Total Checkouts
  2015-10-13     615.845 LJE 2015-10-13 المكتبة المركزية بالمجمعة (CL) 00654189 المكتبة المركزية بالمجمعة (CL) 2015-10-13 كتاب Dewey Decimal Classification  
  2015-10-13     615.845 LJE 2015-10-13 المكتبة المركزية بالمجمعة (CL) 00654190 المكتبة المركزية بالمجمعة (CL) 2015-10-13 كتاب Dewey Decimal Classification  
  2015-10-13     615.845 LJE 2015-10-13 المكتبة المركزية بالمجمعة (CL) 00654191 المكتبة المركزية بالمجمعة (CL) 2015-10-13 كتاب Dewey Decimal Classification  
  2015-10-15     615.845 LJE 2015-10-15 مكتبة كلية العلوم الطبية التطبيقية بالمجمعة - طالبات (AMF) 00654419 مكتبة كلية العلوم الطبية التطبيقية بالمجمعة - طالبات (AMF) 2015-10-15 كتاب Dewey Decimal Classification  
  2015-10-15     615.845 LJE 2015-10-15 مكتبة كلية العلوم الطبية التطبيقية بالمجمعة - طالبات (AMF) 00654420 مكتبة كلية العلوم الطبية التطبيقية بالمجمعة - طالبات (AMF) 2015-10-15 كتاب Dewey Decimal Classification  
  2018-08-18     615.845 LJE 2018-08-18 مكتبة مجمع الكليات بالزلفى - طلاب (SZM) 00657368 مكتبة مجمع الكليات بالزلفى - طلاب (SZM) 2018-08-18 كتاب Dewey Decimal Classification  
  2018-08-18     615.845 LJE 2018-08-18 مكتبة مجمع الكليات بالزلفى - طلاب (SZM) 00657369 مكتبة مجمع الكليات بالزلفى - طلاب (SZM) 2018-08-18 كتاب Dewey Decimal Classification